000
00307nam a2200121Ia 4500
008
221030s9999 xx 000 0 und d
041
_a
English
100
_a
H KARGUPTA
245
0
_a
Data Mining : Next Generation Challenges & Future Directions
_c
by H KARGUPTA
260
_c
0
650
_a
Mc
942
_c
BK
999
_c
14413
_d
14413